|
|
|
|
| LEADER |
01508nam a2200397 a 4500 |
| 001 |
EBC537370 |
| 003 |
MiAaPQ |
| 005 |
20200520144314.0 |
| 006 |
m o d | |
| 007 |
cr cn||||||||| |
| 008 |
100414s2010 inua s 001 0 eng d |
| 010 |
|
|
|z 2010926822
|
| 020 |
|
|
|z 9780470604502 (pbk : alk. paper)
|
| 020 |
|
|
|z 0470604506 (pbk : alk. paper)
|
| 020 |
|
|
|a 9780470908549 (electronic bk.)
|
| 035 |
|
|
|a (MiAaPQ)EBC537370
|
| 035 |
|
|
|a (Au-PeEL)EBL537370
|
| 035 |
|
|
|a (CaPaEBR)ebr10392548
|
| 035 |
|
|
|a (CaONFJC)MIL269099
|
| 035 |
|
|
|a (OCoLC)638860444
|
| 040 |
|
|
|a MiAaPQ
|c MiAaPQ
|d MiAaPQ
|
| 050 |
|
4 |
|a HF5548.4.L5
|b V66 2010
|
| 100 |
1 |
|
|a Von Hagen, William.
|
| 245 |
1 |
0 |
|a Ubuntu linux bible
|h [electronic resource] :
|b featuring Ubuntu 10.04 LTS /
|c William Von Hagen.
|
| 250 |
|
|
|a 3rd ed.
|
| 260 |
|
|
|a Indianapolis, Ind. :
|b Wiley Pub., Inc.,
|c 2010.
|
| 300 |
|
|
|a xxxvi, 1184 p. :
|b ill.
|
| 500 |
|
|
|a Includes index.
|
| 505 |
0 |
|
|a pt. 1. Getting started with Ubuntu -- pt. 2. Ubuntu for desktop users -- pt. 3. Ubuntu for system administrators.
|
| 533 |
|
|
|a Electronic reproduction. Ann Arbor, MI : ProQuest, 2015. Available via World Wide Web. Access may be limited to ProQuest affiliated libraries.
|
| 630 |
0 |
0 |
|a Ubuntu (Electronic resource)
|
| 630 |
0 |
0 |
|a Linux.
|
| 650 |
|
0 |
|a Operating systems (Computers)
|
| 655 |
|
4 |
|a Electronic books.
|
| 710 |
2 |
|
|a ProQuest (Firm)
|
| 856 |
4 |
0 |
|u https://ebookcentral.proquest.com/lib/matrademy/detail.action?docID=537370
|z Click to View
|